[Event "65th ch-GEO"]
[Site "Tbilisi GEO"]
[Date "2006.01.27"]
[Round "6"]
[White "Sulashvili,M"]
[Black "Shanava,K"]
[Result "1-0"]
[WhiteElo "2376"]
[BlackElo "2490"]
[EventDate "2006.01.22"]

1. d4 Nf6 2. c4 e6 3. Nf3 b6 4. e3 Bb7 5. Bd3 d5 6. O-O Bd6 7. Nc3 a6 8.
cxd5 exd5 9. b3 Nbd7 10. Bb2 O-O 11. Rc1 Qe7 12. Bf5 Rae8 13. Qc2 g6 14.
Bh3 Nh5 15. Ne2 f6 16. g3 Ng7 17. Bg2 Qf7 18. Nf4 g5 19. Nd3 Qh5 20. b4 Re6
21. Qb3 Ba8 22. Nd2 f5 23. Bxd5 Bxd5 24. Qxd5 Nf6 25. Qf3 Ng4 26. Qg2 f4
27. h3 fxe3 28. hxg4 Qg6 29. Ne5 Bxe5 30. fxe3 Rxf1+ 31. Rxf1 Bd6 32. e4
Bxb4 33. e5 Bxd2 34. Qxd2 c6 35. Qb4 h5 36. Qxb6 hxg4 1-0

[Event "65th ch-GEO"]
[Site "Tbilisi GEO"]
[Date "2006.01.27"]
[Round "6"]
[White "Kuparadze,G"]
[Black "Gagunashvili,M"]
[Result "1/2-1/2"]
[WhiteElo "2381"]
[BlackElo "2542"]
[EventDate "2006.01.22"]

1. e4 c5 2. Nf3 Nc6 3. d4 cxd4 4. Nxd4 Nf6 5. Nc3 e5 6. Ndb5 d6 7. Nd5 Nxd5
8. exd5 Nb8 9. c4 a6 10. Nc3 Be7 11. Be2 O-O 12. O-O f5 13. f4 Nd7 14. Kh1
Bf6 15. Qc2 exf4 16. Bxf4 Be5 17. b4 Bxf4 18. Rxf4 a5 19. Rxf5 Rxf5 20.
Qxf5 axb4 21. Qe6+ Kh8 22. Nb5 Nc5 23. Qe3 Bd7 24. Nxd6 Qf6 25. Nf7+ Qxf7
26. Qxc5 b3 27. Qd4 bxa2 28. Qb2 Qf2 29. h3 Qa7 30. c5 Qxc5 31. Qxb7 Qa7
32. Qxa7 Rxa7 33. Bc4 g5 34. Rxa2 Rxa2 35. Bxa2 Kg7 36. Bb1 h5 37. Kg1 Kf6
38. Kf2 Ke5 1/2-1/2

[Event "65th ch-GEO"]
[Site "Tbilisi GEO"]
[Date "2006.01.27"]
[Round "6"]
[White "Kacheishvili,G"]
[Black "Gelashvili,T"]
[Result "1/2-1/2"]
[WhiteElo "2599"]
[BlackElo "2575"]
[EventDate "2006.01.22"]

1. c4 e5 2. Nc3 Nc6 3. g3 g6 4. Bg2 Bg7 5. Rb1 d6 6. b4 a6 7. a4 Nf6 8. b5
axb5 9. axb5 Ne7 10. Nf3 O-O 11. d3 h6 12. O-O Be6 13. Qc2 Qd7 14. Rd1 Bh3
15. d4 exd4 16. Nxd4 Bxg2 17. Kxg2 b6 1/2-1/2

[Event "65th ch-GEO"]
[Site "Tbilisi GEO"]
[Date "2006.01.28"]
[Round "7"]
[White "Arutinian,D"]
[Black "Sanikidze,T"]
[Result "1-0"]
[WhiteElo "2507"]
[BlackElo "2425"]
[EventDate "2006.01.22"]

1. d4 Nf6 2. c4 g6 3. Nc3 d5 4. Bg5 Ne4 5. Bh4 Nxc3 6. bxc3 dxc4 7. e3 Be6
8. Nf3 Bg7 9. Qb1 b6 10. Ng5 Bd5 11. e4 h6 12. Nh3 Bb7 13. Bxc4 O-O 14. e5
Bd5 15. Bxe7 Qd7 16. Bxd5 Qxd5 17. Nf4 Qc6 18. Bxf8 Qxc3+ 19. Ke2 Bxf8 20.
Qd3 Qb2+ 21. Qd2 Qb5+ 22. Qd3 Qb2+ 23. Ke3 c5 24. Rhb1 cxd4+ 25. Kf3 Qc3
26. Rc1 Qxd3+ 27. Nxd3 Nd7 28. Rc7 Nc5 29. Nxc5 bxc5 30. Rb1 Re8 31. Kf4 f6
32. Rbb7 fxe5+ 33. Ke4 a5 34. a4 Rd8 35. Rd7 Re8 36. Rbc7 Rb8 37. f3 Rb4
38. Rc8 Rxa4 39. Kxe5 d3 40. Rxd3 Rh4 41. g4 Rh3 42. Kf6 1-0

[Event "65th ch-GEO"]
[Site "Tbilisi GEO"]
[Date "2006.01.28"]
[Round "7"]
[White "Margvelashvili,G"]
[Black "Paichadze,L"]
[Result "1/2-1/2"]
[WhiteElo "2434"]
[BlackElo "2171"]
[EventDate "2006.01.22"]

1. d4 Nf6 2. c4 d6 3. Nf3 Nbd7 4. Nc3 e5 5. e4 Be7 6. Be2 c6 7. O-O O-O 8.
Qc2 h6 9. Rd1 Qc7 10. h3 Nh7 11. Be3 Ng5 12. Nxg5 Bxg5 13. Bxg5 hxg5 14.
Qd2 f6 15. Rac1 a5 16. Bg4 exd4 17. Be6+ Kh7 18. Qe2 g6 19. Rxd4 Ne5 20.
Bxc8 Raxc8 21. Rcd1 Rcd8 22. b3 Rd7 23. Qd2 Rfd8 24. Ne2 Qb6 25. h4 gxh4
26. Qf4 Kg7 27. Qxh4 Rh8 28. Qg3 Qc5 29. Nf4 Kf7 30. Nh3 g5 31. f4 gxf4 32.
Qxf4 Ng6 33. Qf5 Qxf5 34. exf5 Ne5 35. Rxd6 Rxd6 36. Rxd6 Rh5 37. Rd8 Rxf5
38. Nf2 b5 39. cxb5 cxb5 40. Ne4 Ke7 41. Rd1 Nd7 42. Nd6 Re5 43. Nc8+ Ke8
44. Nd6+ Ke7 45. Nc8+ Ke8 1/2-1/2

[Event "65th ch-GEO"]
[Site "Tbilisi GEO"]
[Date "2006.01.28"]
[Round "7"]
[White "Jobava,Be"]
[Black "Sulashvili,M"]
[Result "1/2-1/2"]
[WhiteElo "2401"]
[BlackElo "2376"]
[EventDate "2006.01.22"]

1. e4 c6 2. d4 d5 3. e5 Bf5 4. Nf3 e6 5. Be2 Nd7 6. O-O Be7 7. c4 h5 8. Bd3
Bxd3 9. Qxd3 Nh6 10. Nc3 dxc4 11. Qxc4 Nf5 12. Rd1 O-O 13. Qe2 Nb6 14. Ne4
Nd5 15. Ng3 g6 16. Ne4 Kg7 17. g3 Qa5 18. h3 Qb5 19. Qxb5 cxb5 20. Kg2 Nh6
21. Bg5 Bxg5 22. Nfxg5 Rac8 23. Rac1 Nf5 24. Nf3 Rfd8 25. Rxc8 Rxc8 26. Rd2
b4 27. Ng1 a5 28. g4 hxg4 29. hxg4 Nfe7 30. Ne2 b6 31. Nd6 Rc6 32. Kf1 g5
33. Ke1 Kg6 34. Ng3 Rc1+ 35. Rd1 Rc2 36. Rd2 Rc1+ 37. Rd1 Rc2 38. Rd2 Rc1+
1/2-1/2

[Event "65th ch-GEO"]
[Site "Tbilisi GEO"]
[Date "2006.01.28"]
[Round "7"]
[White "Gelashvili,T"]
[Black "Morchiashvili,B"]
[Result "1-0"]
[WhiteElo "2575"]
[BlackElo "2370"]
[EventDate "2006.01.22"]

1. b3 Nf6 2. Bb2 g6 3. c4 Bg7 4. Nf3 c5 5. e3 O-O 6. Be2 Nc6 7. O-O d5 8.
cxd5 Qxd5 9. Nc3 Qf5 10. Rc1 b6 11. d4 Rd8 12. Bd3 Qh5 13. Ne4 Bb7 14. Ng3
Qg4 15. h3 Qd7 16. Bb5 Nd5 17. e4 Nc7 18. Bxc6 Bxc6 19. Qc2 Na6 20. d5 Bb5
21. Bxg7 Kxg7 22. Rfd1 Kg8 23. Qd2 Qe8 24. h4 Bd7 25. Qf4 Rac8 26. h5 Nc7
27. e5 Qf8 28. Rd2 Bb5 29. Rcd1 Ne8 30. Ne4 c4 31. Nc3 Ba6 32. b4 Bb7 33.
Rd4 Ng7 34. hxg6 fxg6 35. Qh2 Nf5 36. Ng5 Qh6 37. Qxh6 Nxh6 38. Rh4 Nf5 39.
Rxh7 Rd7 40. g4 Ng7 41. Rh6 Rcd8 42. e6 Rxd5 43. Nxd5 Rxd5 44. Rxd5 Bxd5
45. Kf1 c3 46. Ke2 Bc4+ 47. Kd1 Bxa2 48. Kc2 Bxe6 49. Nxe6 Nxe6 50. Rxg6+
Kf7 51. Rh6 Ng5 52. b5 Ne4 53. f3 Ng5 54. Rh5 Kg6 55. f4 Ne4 56. Re5 Nd6
57. Re6+ Kf7 58. Rxd6 exd6 59. Kxc3 1-0

[Event "65th ch-GEO"]
[Site "Tbilisi GEO"]
[Date "2006.01.30"]
[Round "8"]
[White "Sanikidze,T"]
[Black "Gagunashvili,M"]
[Result "0-1"]
[WhiteElo "2425"]
[BlackElo "2542"]
[EventDate "2006.01.22"]

1. d4 Nf6 2. c4 c5 3. d5 b5 4. cxb5 a6 5. bxa6 Bxa6 6. Nc3 d6 7. g3 g6 8.
Bg2 Bg7 9. Nf3 Nbd7 10. Rb1 Nb6 11. b3 Bb7 12. Nh4 O-O 13. O-O Ne8 14. Qc2
Nc7 15. e4 Qd7 16. b4 c4 17. b5 Rfb8 18. Be3 Bc8 19. Rb4 Bxc3 20. Qxc3 Nxb5
21. Qc2 Ra3 22. Rfb1 Rxe3 23. Rxb5 Re1+ 24. Bf1 Rxb1 25. Qxb1 Qc7 26. Nf3
e5 27. dxe6 Bxe6 28. Nd4 Bd7 29. Rb4 c3 30. Bd3 Qc5 31. Nc2 Bc6 32. Ne3 Rb7
33. Ba6 Rb8 34. Bd3 Kg7 35. Qb3 Rb7 36. Ba6 Rb8 37. Nc4 f6 38. Ne3 h5 39.
h4 d5 40. exd5 Bxd5 41. Rb5 Qc6 42. Qa3 c2 43. Rc5 Qd6 44. Qc3 Nc4 45. Rxd5
Rb1+ 46. Kh2 c1=Q 47. Qxc1 Rxc1 48. Rxd6 Nxd6 0-1

[Event "65th ch-GEO"]
[Site "Tbilisi GEO"]
[Date "2006.01.30"]
[Round "8"]
[White "Paichadze,L"]
[Black "Arutinian,D"]
[Result "0-1"]
[WhiteElo "2171"]
[BlackElo "2507"]
[EventDate "2006.01.22"]

1. e4 c6 2. d4 d5 3. e5 Bf5 4. Nc3 Qb6 5. Nf3 e6 6. Be2 Nd7 7. O-O Qd8 8.
a4 Bg6 9. Bg5 Be7 10. Bd2 a6 11. a5 f6 12. Bf4 Bb4 13. exf6 gxf6 14. Re1
Ne7 15. Bd3 Bf7 16. Nh4 Ng6 17. Qg4 Nxh4 18. Qxh4 Qe7 19. Re2 O-O-O 20. Na2
Bxa5 21. Nc1 Bc7 22. Nb3 Bg6 23. Bxc7 Kxc7 24. Rae1 Bxd3 25. Rxe6 Qb4 26.
Qg3+ Ne5 27. c3 Qxb3 28. dxe5 Bg6 29. exf6+ Kb6 30. Re7 Ka7 31. Qe5 Qb6 32.
h4 d4 33. h5 Rd5 34. Qe6 Bxh5 35. cxd4 Qxd4 36. Qxc6 Rb5 37. R1e6 Rxb2 38.
Qxa6+ Kb8 39. Qd6+ Qxd6 40. Rxd6 Ka7 41. f4 Bg6 42. Rd5 Rc8 43. Rg5 Rf8 44.
f5 Bf7 45. Rg7 Bd5 46. f7 Kb6 47. g4 Rc8 48. Re1 Rcc2 49. Rd1 Rg2+ 50. Kf1
Bc4+ 0-1

[Event "65th ch-GEO"]
[Site "Tbilisi GEO"]
[Date "2006.01.30"]
[Round "8"]
[White "Sulashvili,M"]
[Black "Margvelashvili,G"]
[Result "1/2-1/2"]
[WhiteElo "2376"]
[BlackElo "2434"]
[EventDate "2006.01.22"]

1. e4 c6 2. d4 d5 3. exd5 cxd5 4. c4 Nf6 5. Nc3 e6 6. Nf3 Bb4 7. cxd5 Nxd5
8. Bd2 Nc6 9. Bd3 O-O 10. O-O Nf6 11. Bg5 h6 12. Be3 Ne7 13. a3 Bd6 14. Ne4
Nf5 15. Nxd6 Qxd6 16. Qc2 Bd7 17. Bxf5 exf5 1/2-1/2

[Event "65th ch-GEO"]
[Site "Tbilisi GEO"]
[Date "2006.01.30"]
[Round "8"]
[White "Shanava,K"]
[Black "Jobava,Be"]
[Result "0-1"]
[WhiteElo "2490"]
[BlackElo "2401"]
[EventDate "2006.01.22"]

1. e4 c5 2. Nf3 d6 3. d4 cxd4 4. Nxd4 Nf6 5. Nc3 Nc6 6. Bc4 e6 7. Be3 Be7
8. Bb3 O-O 9. Qe2 a6 10. O-O-O Qc7 11. f3 Nxd4 12. Bxd4 b5 13. g4 Bb7 14.
h4 Nd7 15. g5 Nc5 16. Kb1 Nxb3 17. axb3 b4 18. Na4 d5 19. e5 Bc6 20. Rh2
Bxa4 21. bxa4 Bc5 22. h5 a5 23. f4 Bxd4 24. Rxd4 Qd7 25. Qd3 Qxa4 26. f5
exf5 27. g6 Qe8 28. gxh7+ Kh8 29. Re2 Qe7 30. Rxd5 Qh4 31. Rd7 Qh1+ 32. Qd1
Qxd1+ 33. Rxd1 Kxh7 34. Rf2 Rad8 35. Rg1 g6 36. Rh2 Kg7 37. Rhg2 Rde8 38.
hxg6 Rxe5 39. gxf7+ Kxf7 40. Ka2 Ke6 41. Rf2 f4 42. Rgf1 Ref5 43. Re2+ Re5
44. Ref2 Re4 45. Kb3 Re3+ 46. Ka4 f3 47. Kxa5 Rf4 48. Rc1 Kf5 49. c4 bxc3
50. bxc3 Rc4 51. Rfc2 Re5+ 52. Kb6 Kf4 53. Rb2 Rec5 54. Rb4 f2 55. Rb2 Ke3
56. Rf1 Rf5 57. Rc2 Rg4 0-1

[Event "65th ch-GEO"]
[Site "Tbilisi GEO"]
[Date "2006.01.30"]
[Round "8"]
[White "Kuparadze,G"]
[Black "Gelashvili,T"]
[Result "0-1"]
[WhiteElo "2381"]
[BlackElo "2575"]
[EventDate "2006.01.22"]

1. e4 d6 2. g3 e5 3. Bg2 h5 4. h4 Nc6 5. Nc3 Bg4 6. f3 Be6 7. Nh3 f6 8. d3
Nge7 9. Be3 d5 10. exd5 Nxd5 11. Nxd5 Qxd5 12. O-O Bc5 13. Bxc5 Qxc5+ 14.
Rf2 O-O-O 15. Qd2 Nd4 16. b4 Qd6 17. Kh2 Kb8 18. a4 g5 19. hxg5 Bxh3 20.
Bxh3 h4 21. Rg1 hxg3+ 22. Rxg3 Nf5 23. Rg4 Rh5 0-1

[Event "65th ch-GEO"]
[Site "Tbilisi GEO"]
[Date "2006.02.01"]
[Round "9"]
[White "Gagunashvili,M"]
[Black "Paichadze,L"]
[Result "1-0"]
[WhiteElo "2542"]
[BlackElo "2171"]
[EventDate "2006.01.22"]

1. d4 Nf6 2. c4 d6 3. Nc3 Nbd7 4. Nf3 e5 5. Bg5 Be7 6. e3 c6 7. Qc2 Qc7 8.
O-O-O b6 9. g4 Bb7 10. Rg1 h6 11. Bh4 O-O-O 12. g5 hxg5 13. Bxg5 b5 14. a3
a6 15. Be2 Rde8 16. h4 e4 17. Nd2 bxc4 18. Nxc4 g6 19. Kb1 Kb8 20. Rc1 c5
21. Rgd1 Ka8 22. dxc5 dxc5 23. Bf4 Qc8 24. Bg3 Ka7 25. Rd2 Nb6 26. Nxb6
Kxb6 27. Rcd1 Rd8 28. Bd6 Rxd6 29. Rxd6+ Ka7 30. R6d2 Rxh4 31. Bc4 Ng4 32.
Rd7 Bf6 33. Bxa6 1-0

[Event "65th ch-GEO"]
[Site "Tbilisi GEO"]
[Date "2006.02.01"]
[Round "9"]
[White "Arutinian,D"]
[Black "Sulashvili,M"]
[Result "1-0"]
[WhiteElo "2507"]
[BlackElo "2376"]
[EventDate "2006.01.22"]

1. d4 d5 2. c4 c6 3. Nf3 Nf6 4. Nc3 e6 5. e3 a6 6. Bd3 dxc4 7. Bxc4 b5 8.
Bd3 c5 9. a4 b4 10. Ne4 Nbd7 11. Nxf6+ Nxf6 12. dxc5 Bxc5 13. Qe2 Bb7 14.
e4 h6 15. O-O O-O 16. e5 Ng4 17. h3 Nxf2 18. Rxf2 Bxf2+ 19. Kxf2 f5 20. Be3
Qe7 21. Kg1 f4 22. Bf2 Rfd8 23. Rc1 Qd7 24. Nd4 Bd5 25. Qg4 Rac8 26. Re1
Bc4 27. Bb1 g5 28. h4 Qe7 29. Qh5 Qg7 30. hxg5 hxg5 31. Bg6 Qe7 32. Nf3 Bd3
33. Bxd3 Rxd3 34. Nxg5 f3 35. g3 1-0

[Event "65th ch-GEO"]
[Site "Tbilisi GEO"]
[Date "2006.02.01"]
[Round "9"]
[White "Margvelashvili,G"]
[Black "Shanava,K"]
[Result "1/2-1/2"]
[WhiteElo "2434"]
[BlackElo "2490"]
[EventDate "2006.01.22"]

1. Nf3 Nf6 2. c4 b6 3. g3 Bb7 4. Bg2 g6 5. O-O Bg7 6. d4 O-O 7. d5 d6 8.
Nc3 c5 9. e4 Nbd7 10. Re1 Ne8 11. Bf4 Ne5 12. Qe2 Nxf3+ 13. Bxf3 e5 14.
dxe6 fxe6 15. Rad1 Bd4 16. Nb5 e5 17. Nxd4 cxd4 18. Bh6 Ng7 19. Bg2 Rf7 20.
f4 Qd7 21. Rf1 Re8 22. b3 Qe6 23. Rf2 exf4 24. Bxg7 Kxg7 25. Rxf4 Rxf4 26.
gxf4 Bxe4 27. Rxd4 Bb1 28. Qxe6 Rxe6 29. Rd2 1/2-1/2

[Event "65th ch-GEO"]
[Site "Tbilisi GEO"]
[Date "2006.02.01"]
[Round "9"]
[White "Jobava,Be"]
[Black "Kacheishvili,G"]
[Result "1/2-1/2"]
[WhiteElo "2401"]
[BlackElo "2599"]
[EventDate "2006.01.22"]

1. e4 c5 2. c3 d6 3. d4 Nf6 4. Nd2 g6 5. Ngf3 Bg7 6. Bd3 O-O 7. O-O Nfd7 8.
Nc4 cxd4 9. cxd4 Nc6 10. Be3 Nb4 11. Be2 d5 12. a3 Na6 13. exd5 Nf6 14. d6
exd6 15. Bf4 d5 16. Nce5 Nc7 17. h3 Ne6 18. Bh2 Qb6 19. Qd2 Bd7 20. Nxd7
Nxd7 21. Rfd1 Rac8 22. Be5 Bxe5 23. Nxe5 Nf6 24. Bf3 Rc7 25. Ng4 Nxg4 26.
Bxg4 Rfc8 27. Bxe6 Qxe6 28. Rac1 Qb6 29. Rxc7 Qxc7 30. Re1 b6 31. Qg5 Qd6
32. Rc1 Re8 33. Qd2 Qf6 34. Rc3 Re4 35. Qh6 Re1+ 36. Kh2 Re8 37. Qd2 Re4
38. Rd3 h5 39. Kg1 Qe7 40. Kf1 Kg7 41. f3 Re6 42. Rc3 a5 43. g3 h4 44. g4
Qd6 45. Qf2 Qf4 46. a4 g5 47. Kg2 Kh6 48. Kf1 Rf6 49. Kg2 Qd6 50. f4 Rxf4
51. Rf3 Rxf3 52. Qxf3 Kg7 53. Qe3 f6 54. Kf1 Qd7 55. b3 b5 56. axb5 Qxb5+
57. Ke1 Kf7 58. Qc3 Qb6 59. Kd2 f5 60. Qd3 Qe6 61. gxf5 Qe4 62. Qc3 Kf6 63.
Qxa5 Qxd4+ 64. Kc2 Kxf5 65. Qd8 Kf4 66. b4 Qxb4 67. Qf6+ Ke4 68. Qxg5 Qc4+
69. Kb2 Qe2+ 70. Kb1 Qe1+ 71. Kc2 Qf2+ 72. Kb1 Qf4 73. Qg2+ Qf3 74. Qg5
Qb3+ 75. Ka1 Qg3 76. Qh6 Qa3+ 77. Kb1 Qb3+ 78. Ka1 Qa3+ 79. Kb1 Qxh3 80.
Qh7+ Ke3 81. Qe7+ Kf2 82. Qf6+ Qf3 83. Qd4+ Kf1 84. Qh8 Qe4+ 85. Kc1 Qe3+
86. Kc2 Qf2+ 87. Kd1 Qe2+ 88. Kc1 Qe3+ 89. Kc2 Qe2+ 90. Kc1 Qd3 91. Qxh4
Ke2 92. Qh2+ Ke3 93. Qg3+ Kd4 94. Qg7+ Kc4 95. Qc7+ Kb4 96. Qb6+ Kc3 97.
Qa5+ Kd4 98. Qb6+ Ke4 99. Qg6+ Kd4 100. Qb6+ Ke5 101. Qc7+ Ke4 102. Qe7+
Kf3 103. Qf6+ Ke2 104. Qb2+ Kf3 105. Qb6 Ke2 106. Qb2+ Kf1 107. Qf6+ Ke2
108. Qb2+ Ke3 109. Qb6+ Ke4 110. Qg6+ Kd4 111. Qg7+ Kc4 112. Qc7+ Kb4 113.
Qb7+ Kc3 114. Qg7+ Kb4 115. Qb7+ Qb5 116. Qxb5+ Kxb5 117. Kd2 1/2-1/2

[Event "65th ch-GEO"]
[Site "Tbilisi GEO"]
[Date "2006.02.01"]
[Round "9"]
[White "Morchiashvili,B"]
[Black "Kuparadze,G"]
[Result "1-0"]
[WhiteElo "2370"]
[BlackElo "2381"]
[EventDate "2006.01.22"]

1. d4 Nf6 2. c4 e6 3. Nf3 b6 4. e3 Bb7 5. Bd3 Ne4 6. O-O Be7 7. b3 O-O 8.
Bb2 f5 9. Qc2 c5 10. Nbd2 Nxd2 11. Nxd2 Nc6 12. a3 cxd4 13. exd4 Bf6 14.
Nf3 Ne7 15. Qe2 Ng6 16. Qe3 Qc7 17. Rfe1 Rae8 18. Rac1 d6 19. b4 Qd7 20. c5
bxc5 21. bxc5 e5 22. dxe5 dxe5 23. Red1 Qc8 24. c6 Bxc6 25. Bb5 Re6 26. Bc4
Rfe8 27. Rd6 Nf8 28. Bxe6+ Rxe6 29. Rcxc6 Qb7 30. Rxe6 Nxe6 31. Rxe6 Qxb2
32. Re8+ Kf7 33. Nxe5+ 1-0

[Event "65th ch-GEO"]
[Site "Tbilisi GEO"]
[Date "2006.02.02"]
[Round "10"]
[White "Sulashvili,M"]
[Black "Gagunashvili,M"]
[Result "1/2-1/2"]
[WhiteElo "2376"]
[BlackElo "2542"]
[EventDate "2006.01.22"]

1. d4 Nf6 2. c4 g6 3. Nf3 Bg7 4. Nc3 O-O 5. Bg5 c5 6. d5 a6 7. e4 d6 8. Nd2
Qb6 9. Qc2 h6 10. Bh4 g5 11. Bg3 Nh5 12. Bd3 Nd7 13. Be2 Nxg3 14. hxg3 Qa5
15. f4 b5 16. fxg5 Ne5 17. gxh6 Bf6 18. O-O Bg5 19. Nf3 Be3+ 20. Kh1 Bxh6
21. Nxe5 dxe5 22. g4 Kg7 23. g3 Bd7 24. Kg2 Rab8 25. Rh1 f6 26. b3 bxc4 27.
Bxc4 Bg5 28. Nd1 Bxg4 29. Nf2 Bd7 30. Qe2 Qd2 31. Qxd2 Bxd2 32. Rad1 Be3
33. Kf3 Bd4 34. g4 a5 35. Rh2 Rh8 36. Rdh1 Bxf2 37. Kxf2 Rxh2+ 38. Rxh2 a4
39. Kf3 Kg6 40. Rc2 Kg5 41. Ke3 Rh8 42. Bf1 axb3 43. axb3 Rb8 44. Rxc5
Rxb3+ 45. Kd2 Rb7 46. Ke3 Rb3+ 47. Kd2 Bxg4 48. Bc4 Rb2+ 49. Ke3 Rc2 50.
Rc6 Bd7 51. Kd3 Rc1 52. Rc5 Kf4 53. Kd2 Rh1 54. Rc7 Bg4 55. Rxe7 Kxe4 56.
Rf7 Kd4 57. Bb5 Rb1 58. Bc6 e4 59. Kc2 Rf1 60. d6 Rf2+ 61. Kb1 e3 62. d7
Bxd7 63. Rxd7+ Kc5 64. Re7 e2 65. Kc1 Kxc6 66. Kd2 Kd5 67. Re8 f5 68. Kd3
Rg2 69. Re7 Rg4 70. Kd2 Rg2 71. Kd3 Rg4 72. Kd2 Ra4 73. Ke1 Ra2 74. Kf2 Kd4
75. Re8 Kd3 76. Re3+ Kd4 77. Re8 Rb2 78. Re7 Rc2 79. Re8 Kd5 80. Re7 Rc4
81. Rxe2 Rf4+ 82. Kg3 Re4 83. Ra2 Ke5 84. Ra5+ Kf6 85. Ra3 Kg5 86. Kf3 Rf4+
87. Kg3 Rg4+ 88. Kf3 Rh4 89. Kf2 Kg4 90. Kg2 Rh6 91. Ra4+ Kg5 92. Ra3 Rc6
93. Kg3 Rc1 94. Kf3 Rb1 95. Kg3 Rg1+ 96. Kf2 Rh1 97. Kg2 Rh6 98. Ra4 Rb6
99. Ra3 Kg4 100. Ra4+ f4 101. Ra3 Rb2+ 102. Kf1 Rc2 103. Rb3 Kf5 104. Rb5+
Ke4 105. Rb4+ Kf3 106. Rb3+ Kg4 107. Ra3 Rh2 108. Rb3 Rh3 109. Rxh3 Kxh3
1/2-1/2

[Event "65th ch-GEO"]
[Site "Tbilisi GEO"]
[Date "2006.02.02"]
[Round "10"]
[White "Shanava,K"]
[Black "Arutinian,D"]
[Result "1/2-1/2"]
[WhiteElo "2490"]
[BlackElo "2507"]
[EventDate "2006.01.22"]

1. Nf3 d5 2. c4 c6 3. Nc3 Nf6 4. e3 e6 5. b3 Nbd7 6. Bb2 Bd6 7. Be2 O-O 8.
O-O a6 9. Qc2 b5 10. a3 Bb7 11. d4 Rc8 1/2-1/2

[Event "65th ch-GEO"]
[Site "Tbilisi GEO"]
[Date "2006.02.02"]
[Round "10"]
[White "Jobava,Be"]
[Black "Margvelashvili,G"]
[Result "1-0"]
[WhiteElo "2401"]
[BlackElo "2434"]
[EventDate "2006.01.22"]

1. d4 Nf6 2. c4 e6 3. Nf3 c5 4. d5 b5 5. dxe6 fxe6 6. cxb5 d5 7. g3 Bd6 8.
Bg2 O-O 9. O-O Bb7 10. Nbd2 Nbd7 11. e4 Ng4 12. exd5 exd5 13. Nc4 Bxg3 14.
hxg3 dxc4 15. Ng5 Bxg2 16. Kxg2 Nde5 17. Qxd8 Rfxd8 18. Ne6 Rdc8 19. Bd2
Rab8 20. a4 a6 21. Bc3 Rb6 22. Nf4 axb5 23. Nd5 Rb7 24. axb5 Rd8 25. f3 h6
26. fxg4 Rxd5 27. Rf4 Nd3 28. Ra8+ Kh7 29. Rff8 Rdd7 30. Rab8 Rxb8 31. Rxb8
Nxb2 32. b6 Na4 33. Be5 c3 34. b7 Kg6 35. Ra8 Rxb7 36. Rxa4 Rb4 37. Ra6+
Kh7 38. g5 hxg5 39. Bxc3 Rc4 40. Be5 Re4 41. Ba1 g4 42. Kf2 Re7 43. Rc6
Rf7+ 44. Ke2 Re7+ 45. Kd3 g5 46. Bf6 Rd7+ 47. Ke4 Kg6 48. Be5+ Kh5 49. Kf5
Rd3 50. Bg7 1-0

[Event "65th ch-GEO"]
[Site "Tbilisi GEO"]
[Date "2006.02.02"]
[Round "10"]
[White "Kacheishvili,G"]
[Black "Kuparadze,G"]
[Result "1-0"]
[WhiteElo "2599"]
[BlackElo "2381"]
[EventDate "2006.01.22"]

1. d4 Nf6 2. c4 e6 3. g3 d5 4. Nf3 Be7 5. Bg2 O-O 6. O-O c6 7. Qc2 b6 8.
Rd1 Ba6 9. b3 Nbd7 10. Nc3 dxc4 11. Ne5 Nxe5 12. dxe5 Nd5 13. bxc4 Bxc4 14.
Bb2 Qc8 15. Ne4 Qa6 16. Bf3 Rfd8 17. Rd4 b5 18. Nd6 c5 19. Rg4 h5 20. Re4
g6 21. a4 Bxd6 22. axb5 Qxb5 23. exd6 Rab8 24. Be5 Bb3 25. Qd2 f6 26. Qh6
Qd7 27. Qxg6+ Qg7 28. Qxg7+ Kxg7 29. Rxa7+ Kg6 30. Rh4 fxe5 31. Bxh5+ Kg5
32. Rg7+ Kf6 33. Rf7+ Kg5 34. Rg7+ Kf6 35. Rf7+ Kg5 36. Rg4+ Kxh5 37. Rfg7
Rb4 38. e4 Rxe4 39. R4g5+ Kh6 40. R5g6+ Kh5 41. f3 Re1+ 42. Kf2 Re2+ 43.
Kxe2 Nf4+ 44. gxf4 exf4 45. Rg4 Bc2 46. Rg8 1-0

[Event "65th ch-GEO"]
[Site "Tbilisi GEO"]
[Date "2006.02.03"]
[Round "11"]
[White "Morchiashvili,B"]
[Black "Sanikidze,T"]
[Result "1-0"]
[WhiteElo "2370"]
[BlackElo "2425"]
[EventDate "2006.01.22"]

1. d4 Nf6 2. c4 g6 3. Nc3 d5 4. Bg5 Ne4 5. Bh4 Nxc3 6. bxc3 dxc4 7. e3 Be6
8. Nf3 Bg7 9. Rb1 b6 10. Qc2 O-O 11. Ng5 Qd7 12. Nxe6 Qxe6 13. Be2 c6 14.
a4 Nd7 15. O-O a6 16. e4 b5 17. d5 cxd5 18. exd5 Qe5 19. axb5 axb5 20. Rxb5
Ra3 21. Rb4 Rxc3 22. Qa2 Qxd5 23. Rd1 Ra8 24. Rxd5 Rxa2 25. Rxd7 Rxe2 26.
Kf1 Ra2 27. Rb8+ Bf8 28. g4 Rb3 29. Rc8 Kg7 30. Rdd8 c3 31. Rxf8 c2 32.
Rg8+ Kh6 33. Rc5 e5 34. Rgc8 Rbb2 35. R8c6 f6 36. Bg3 Kg5 37. Rc4 h5 38.
h4+ Kh6 39. g5+ fxg5 40. hxg5+ Kh7 41. Bxe5 c1=Q+ 42. Rxc1 Rxf2+ 43. Kg1
Kg8 44. Rxg6+ Kf7 45. Rb6 1-0

[Event "65th ch-GEO"]
[Site "Tbilisi GEO"]
[Date "2006.02.03"]
[Round "11"]
[White "Gelashvili,T"]
[Black "Paichadze,L"]
[Result "1-0"]
[WhiteElo "2575"]
[BlackElo "2171"]
[EventDate "2006.01.22"]

1. e4 c5 2. b3 Nc6 3. Bb2 d6 4. Bb5 Bd7 5. f4 e6 6. Nf3 Nf6 7. d3 Be7 8.
O-O O-O 9. Nbd2 a6 10. Bxc6 Bxc6 11. Qe1 b5 12. Qg3 d5 13. Rae1 d4 14. b4
cxb4 15. Nxd4 Bd7 16. N2f3 Rc8 17. Ne5 Ne8 18. Re2 f6 19. Nef3 Qa5 20. Ra1
Qc7 21. Kh1 g6 22. Qh4 a5 23. e5 fxe5 24. Qxe7 exd4 25. Ne5 Nf6 26. Bxd4
Rcd8 27. Ng4 1-0

[Event "65th ch-GEO"]
[Site "Tbilisi GEO"]
[Date "2006.02.03"]
[Round "11"]
[White "Gagunashvili,M"]
[Black "Shanava,K"]
[Result "1-0"]
[WhiteElo "2542"]
[BlackElo "2490"]
[EventDate "2006.01.22"]

1. d4 Nf6 2. c4 e6 3. Nc3 Bb4 4. Qc2 c5 5. dxc5 Na6 6. a3 Bxc3+ 7. Qxc3
Nxc5 8. b4 Nce4 9. Qb2 d5 10. c5 d4 11. e3 e5 12. exd4 O-O 13. Nf3 exd4 14.
Qxd4 Qe7 15. Be2 Bg4 16. Be3 Rfe8 17. O-O Rad8 18. Qb2 Nxf2 19. Bxf2 Qxe2
20. Qxe2 Rxe2 21. Rad1 Rxd1 22. Rxd1 h6 23. Rd2 Rxd2 24. Nxd2 a6 25. Bd4
Nd7 26. Nc4 Be6 27. Nd6 Bd5 28. Nf5 Kh7 29. Nxg7 Nf8 30. Nh5 Bc6 31. Nf6+
Kg6 32. Ng4 Nd7 33. Kf2 Ba4 34. Bc3 Bd1 35. Kg3 Bb3 36. Kf4 f6 37. g3 h5
38. Nf2 Nf8 39. Ne4 Ne6+ 40. Ke3 f5 41. Nd2 Bd5 42. Nf3 Bxf3 43. Kxf3 Kf7
44. Ke3 Ke7 45. Be5 Kd7 46. Kd3 Ng5 47. h4 Ne4 48. Kc4 Kc6 49. Bf4 Nf6 50.
a4 1-0

[Event "65th ch-GEO"]
[Site "Tbilisi GEO"]
[Date "2006.02.03"]
[Round "11"]
[White "Arutinian,D"]
[Black "Jobava,Be"]
[Result "1/2-1/2"]
[WhiteElo "2507"]
[BlackElo "2401"]
[EventDate "2006.01.22"]

1. c4 Nf6 2. Nf3 g6 3. Nc3 Bg7 4. g3 d5 5. cxd5 Nxd5 6. Bg2 Nxc3 7. bxc3
O-O 8. O-O c5 9. Qa4 Bd7 10. Qa3 Na6 11. d4 Bc6 12. Bf4 cxd4 13. cxd4 Nc7
14. Bxc7 Qxc7 15. Rac1 Rfd8 16. e3 Qd6 17. Qxd6 Rxd6 18. Ng5 Bxg2 19. Kxg2
Ra6 20. Rc2 Rd8 21. Rfc1 Bf8 22. Ne4 b6 23. g4 f6 1/2-1/2

[Event "65th ch-GEO"]
[Site "Tbilisi GEO"]
[Date "2006.02.04"]
[Round "12"]
[White "Paichadze,L"]
[Black "Morchiashvili,B"]
[Result "1/2-1/2"]
[WhiteElo "2171"]
[BlackElo "2370"]
[EventDate "2006.01.22"]

1. e4 d6 2. d4 Nf6 3. Nc3 g6 4. Be2 c6 5. Bg5 Nbd7 6. Qd2 b5 7. a3 Bb7 8.
Nf3 Qc7 9. Rd1 Bg7 10. e5 dxe5 11. dxe5 Ng4 12. e6 fxe6 13. Nd4 Bxd4 14.
Qxd4 Ngf6 15. O-O O-O 16. h4 a6 17. h5 gxh5 18. Bh6 Rfd8 19. Qh4 Nf8 20.
Bd3 Ng6 21. Qh3 Kh8 22. Ne4 Nxe4 23. Bxe4 c5 24. Bxb7 Qxb7 25. Qxe6 Rxd1
26. Rxd1 Rg8 27. Qf7 Qa8 28. f3 Nh4 29. Kh1 Rxg2 30. Bf4 Re2 31. Bh6 Rg2
32. Bf4 Re2 33. Bh6 Rg2 1/2-1/2

[Event "65th ch-GEO"]
[Site "Tbilisi GEO"]
[Date "2006.02.04"]
[Round "12"]
[White "Sulashvili,M"]
[Black "Gelashvili,T"]
[Result "1/2-1/2"]
[WhiteElo "2376"]
[BlackElo "2575"]
[EventDate "2006.01.22"]

1. e4 Nc6 2. Nf3 d6 3. d4 Nf6 4. Nc3 Bg4 5. Be2 e6 6. Be3 a6 7. Nd2 Bxe2 8.
Qxe2 d5 9. e5 Nd7 10. f4 Ne7 11. Bf2 h5 12. O-O Nf5 13. Qd3 g6 14. Ne2 Be7
15. b3 c5 16. c4 cxd4 17. Nxd4 Nc5 18. Qc3 Rc8 19. Rad1 Nxd4 20. Qxd4 dxc4
21. Nxc4 Qxd4 22. Rxd4 O-O 23. Rfd1 b5 24. Nb6 Rc6 25. Nd7 Rfc8 26. Nxc5
Bxc5 27. Rd8+ Rxd8 28. Rxd8+ Kg7 29. Bxc5 Rxc5 30. Rd2 g5 31. fxg5 Rxe5 32.
h4 Rd5 33. Rf2 Rd4 34. g3 Rd3 35. Kg2 a5 36. Kh3 a4 37. bxa4 bxa4 38. Rf4
a3 39. Rf2 Re3 40. Rc2 Rd3 41. Rf2 Rc3 42. Re2 Rf3 43. Kg2 Rd3 44. Kh3 Rc3
45. Rf2 Re3 46. Rc2 f6 47. gxf6+ Kxf6 48. Rc5 e5 49. Rc6+ Kg7 50. Rc7+ Kg8
51. Ra7 Kh8 52. Rf7 Re2 53. Rf5 Kg7 54. Rxh5 Kf6 55. Rh6+ Ke7 56. Ra6 Rxa2
57. h5 Ra1 58. h6 Kf7 59. Kg4 a2 60. Kg5 Rg1 61. Rxa2 Rxg3+ 1/2-1/2